000 00758nam a2200241Ia 4500
003 GCL
008 140319s9999 xx 000 0 ara d
040 _aGCL /
_cGCL
082 0 4 _a791.43
_bع س
100 1 _aعبدالمنعم سعد
245 1 0 _aالسينما المصرية فى موسم 67 - 1968 /
_cعبدالمنعم سعد
700 1 _aاحمد كامل مرسى
300 _a171 ص
490 _aالهيئة العامة للاستعلامات
_v0
650 0 4 _aمصر
650 0 4 _aنقد
650 0 4 _aالافلام السينمائية
650 0 4 _aالسينما
650 0 4 _aالسينمائيون المصريون
650 0 4 _aالتمثيل فى السينما
650 0 4 _aالسينما - نقد
942 _2ddc
_cBK
999 _c50906
_d50906